| 000 | 00684nam a2200217 a 4500 | ||
|---|---|---|---|
| 999 |
_c11541 _d11541 |
||
| 001 | 11541 | ||
| 003 | BD-JhCC | ||
| 005 | 20200315125307.0 | ||
| 008 | 200315s2020 b |||| |||| 00| 0 ban d | ||
| 020 | _a9789849266549 | ||
| 035 | _a(BD-JhCC)11541 | ||
| 040 |
_aBD-JhCC _dBD-JhCC |
||
| 041 | _aben and germany | ||
| 082 |
_a435 _bPER 2020 |
||
| 100 | _aপারভেজ, অমৃতা | ||
| 245 |
_aগল্পে গল্পে জার্মান শেখা / _cঅমৃতা পারভেজ |
||
| 260 |
_aঢাকা : _bআদর্শ, _c২০২০. |
||
| 300 |
_a১২৫ পৃ. : _c২০ সেমি. |
||
| 650 | _aGerman language | ||
| 942 |
_2ddc _cBK |
||